Sustainable fishery systems
Na minha lista:
| Autor principal: | |
|---|---|
| Formato: | Livro |
| Idioma: | inglês |
| Publicado em: |
Londres
Blackwell Science
2001
|
| coleção: | Fish and Aquatic Resources Series, 10
|
| Assuntos: | |
| Tags: |
Adicionar Tag
Sem tags, seja o primeiro a adicionar uma tag!
|
MARC
| LEADER | 00000nam a2200000 a 4500 | ||
|---|---|---|---|
| 001 | UCN3668 | ||
| 003 | CL-VaPUC | ||
| 008 | 010706e20010000UK |||||||||||||||||eng|d | ||
| 082 | 0 | 4 | |a 333.95 |b CHA |2 21 |
| 100 | 0 | |a Charles, Anthony T |e author |9 460249 | |
| 245 | 1 | 0 | |a Sustainable fishery systems |
| 300 | |a 370 p | ||
| 942 | |c BK | ||
| 945 | |d 20010706 00:00:00 |a vberengu | ||
| 260 | |a Londres |b Blackwell Science |c 2001 | ||
| 650 | 7 | |a PECES |2 CL-VaPUC |9 460250 | |
| 650 | 0 | |a Recursos pesqueros |9 255431 | |
| 650 | 7 | |a INDUSTRIA PESQUERA ASPECTOS ECONOMICOS |2 CL-VaPUC |9 329278 | |
| 583 | |a last modification |c 20010706 00:00:00 |k Rodrigo Vera | ||
| 490 | 0 | |a Fish and Aquatic Resources Series, 10 | |
| 999 | |c 296456 |d 296454 | ||
| 952 | |0 0 |1 0 |2 ddc |4 0 |6 333_950000000000000_CHA_2001 |7 0 |8 A |9 350234 |a BIBCUR |b BIBCUR |c PAC |d 2019-11-20 |i 3705722 |o 333.95 CHA 2001 |p 3705722 |r 2025-04-22 |w 2019-11-20 |y BK |k RNT | ||